Alternative work schedules : impacts on transportation.

Bibliographic Details
Corporate Author: National Research Council (U.S.). Transportation Research Board
Format: Book
Language:English
Published: Washington, D.C. : Transportation Research Board, National Research Council, 1980.
Series:Synthesis of highway practice ; 73.
Subjects:

MARC

Tag First Indicator Second Indicator Subfields
LEADER 00000cam a2200000 a 4500
001 in00000080983
005 20151008055349.0
008 810812s1980 dcua bs f000 0 eng
010 |a  80054556  
020 |a 0309031532 (pbk.) :  |c $6.80 
020 |a 9780309031530 (pbk.) 
029 1 |a NLGGC  |b 158078276 
029 1 |a AU@  |b 000002074217 
035 |a (OCoLC)ocm07393046 
035 |a (OCoLC)07393046 
035 |9 AAJ3263AM 
035 |a (OCoLC)7393046 
040 |a DLC  |c DLC  |d TXA  |d UtOrBLW 
043 |a n-us--- 
049 |a TXAM  |c [1804466] 
050 0 0 |a HE308  |b .A62 
082 0 |a 388.4/13143/0973  |2 19 
245 0 0 |a Alternative work schedules :  |b impacts on transportation. 
264 1 |a Washington, D.C. :  |b Transportation Research Board, National Research Council,  |c 1980. 
300 |a 54 pages :  |b illustrations ;  |c 28 cm. 
336 |a text  |b txt  |2 rdacontent 
337 |a unmediated  |b n  |2 rdamedia 
338 |a volume  |b nc  |2 rdacarrier 
490 1 |a National Cooperative Highway Research Program synthesis of highway practice,  |x 0547-5570 ;  |v 73 
500 |a "Research sponsored by the American Association of State Highway and Transportation Officials in cooperation with the Federal Highway Administration." 
504 |a Includes bibliographical references. 
650 0 |a Urban transportation  |z United States. 
650 0 |a Commuting  |z United States. 
650 0 |a Traffic flow  |z United States. 
650 0 |a Flextime  |z United States. 
710 2 |a National Research Council (U.S.).  |b Transportation Research Board. 
830 0 |a Synthesis of highway practice ;  |v 73. 
994 |a C0  |b TXA 
999 |a MARS 
999 f f |s e1802757-0fdc-3c40-8ffa-974ed55f964d  |i e83bdbb2-009e-367d-a4da-1f08b7c1e00d  |t 0 
952 f f |p ric  |a Texas A&M University  |b Rellis Campus  |c Joint Library Facility  |d Remote Storage  |t 0  |e HE308 .A62  |h Library of Congress classification  |i unmediated -- volume  |m A14837188470 
998 f f |a HE308 .A62  |t 0  |l Remote Storage